University Home | Library Home | Institutional Repository

The chemistry and physics of anesthesia. (Record no. 40159)

MARC details
000 -LEADER
fixed length control field 00842cam5a220026500 4500
001 - CONTROL NUMBER
control field lce00556438
008 - FIXED-LENGTH DATA ELEMENTS--GENERAL INFORMATION
fixed length control field 790405s1962 ilua b 000 0 eng
010 ## - LIBRARY OF CONGRESS CONTROL NUMBER
LC control number 60053071 /L/r82
035 ## - SYSTEM CONTROL NUMBER
System control number (Sirsi) r88479
035 ## - SYSTEM CONTROL NUMBER
System control number (DLC) 60053071 /L/r82
035 ## - SYSTEM CONTROL NUMBER
System control number (UPRA)lce00556438
040 ## - CATALOGING SOURCE
Modifying agency UPRA
050 0# - LIBRARY OF CONGRESS CALL NUMBER
Classification number RD81
Item number .A28 1962
082 ## - DEWEY DECIMAL CLASSIFICATION NUMBER
Classification number 615.781
100 1# - MAIN ENTRY--PERSONAL NAME
Personal name Adriani, John, 1907-
Dates associated with a name Adriani, John, 1907-
Linkage A36938.1
240 10 - UNIFORM TITLE
Uniform title Chemistry of anesthesia
245 14 - TITLE STATEMENT
Title The chemistry and physics of anesthesia.
250 ## - EDITION STATEMENT
Edition statement 2nd ed.
260 ## - PUBLICATION, DISTRIBUTION, ETC.
Place of publication, distribution, etc. Springfield, IL :
Name of publisher, distributor, etc. Thomas,
Date of publication, distribution, etc. [1962]
500 ## - GENERAL NOTE
General note First ed. published in 1946 under title: The chemistry of anesthesia.
504 ## - BIBLIOGRAPHY, ETC. NOTE
Bibliography, etc. note Includes bibliographical references.
650 #0 - SUBJECT ADDED ENTRY--TOPICAL TERM
Topical term or geographic name entry element Anesthesia.
Linkage S132.2
949 ## - LOCAL PROCESSING INFORMATION (OCLC)
a RD81
w LC
i -123821
m MEDICAL
t BOOK
l ON-SHELF
Holdings
Withdrawn status Lost status Source of classification or shelving scheme Damaged status Not for loan Home library Current library Shelving location Total Checkouts Full call number Barcode Date last seen Copy number Price effective from Koha item type
    Library of Congress Classification     Medical Library Medical Library On Shelf   RD81 -123821 08/13/2019 1 08/13/2019 Book
© 2026 - The University of Zambia Library - Koha v25.11